| 000 | 00425nam a22001577a 4500 | ||
|---|---|---|---|
| 005 | 20250415120144.0 | ||
| 008 | 250411b |||||||| |||| 00| 0 eng d | ||
| 041 | _aeng | ||
| 082 | _a342.540 BAR-R | ||
| 100 | _aBARE ACT | ||
| 245 | _aTHE RIGHT TO INFORMATION ACT , [2005] [22 OF 2005] BARE ACT | ||
| 260 |
_aDELHI _bPROFESSIONAL BOOKS PUBLISHERS _c2025 |
||
| 300 | _a71;P | ||
| 650 |
_aLEGAL STUDIES _98608 |
||
| 942 | _cBK | ||
| 999 |
_c8738 _d8736 |
||